00388 a2200109 4500001001000000005001700010008004100027245009300068100002500161773007500186999001700261ART_1335020260410161910.0260409a 10aConsideraciones acerca de la aplicación del plan de acción mundial sobre población1 aUrquidi, Víctor L.0 tDemografía y economíag- Vol. X, Nº 28 (ene./abr. 1976)wREV13200 c26701d26701